KOHA-Header-6

Business Law (Record no. 6400)

000 -LEADER
fixed length control field 00199nam a2200097Ia 4500
100 ## - MAIN ENTRY--AUTHOR NAME
Personal name Cheema, Cheema
245 #0 - TITLE STATEMENT
Title Business Law
260 ## - PUBLICATION, DISTRIBUTION, ETC. (IMPRINT)
Place of publication Karachi
Name of publisher Petiwala Book
Year of publication 2010
300 ## - PHYSICAL DESCRIPTION
Number of Pages 360
942 ## - ADDED ENTRY ELEMENTS (KOHA)
Koha item type Books
Holdings
Withdrawn status Lost status Collection code Permanent Location Current Location Shelving location Date acquired Full call number Accession Number Koha item type
    Law MAJU MAJU Shelf No.A46 2019-09-07 658.4012 6015 Law

Powered by Koha